Catálogo

Vista normal Vista MARC

Entrada Personal Name

Número de registros utilizados en: 2

001 - CONTROL NUMBER

  • control field: 10986

003 - CONTROL NUMBER IDENTIFIER

  • control field: DLC

005 - DATE AND TIME OF LATEST TRANSACTION

  • control field: 20200915135907.0

008 - FIXED-LENGTH DATA ELEMENTS

  • fixed length control field: 090304n| acannaabn |a aaa c

010 ## - LIBRARY OF CONGRESS CONTROL NUMBER

  • LC control number: no2009033498

035 ## - SYSTEM CONTROL NUMBER

  • System control number: (OCoLC)oca08033594

040 ## - CATALOGING SOURCE

  • Original cataloging agency: MX-SlUA
  • Language of cataloging: spa
  • Transcribing agency: Mx-PuUPA
  • Modifying agency: Mx-PuUPA
  • Description conventions: rda

100 1# - HEADING--PERSONAL NAME

  • Personal name: Ocampo Sámano, José Eliseo,

372 ## - FIELD OF ACTIVITY

  • Field of activity: Evaluación de proyectos
  • Field of activity: Costos

374 ## - OCCUPATION

  • Occupation: Autor

375 ## - GENDER

  • Gender: hombre

377 ## - ASSOCIATED LANGUAGE

  • Language code: spa

400 1# - SEE FROM TRACING--PERSONAL NAME

  • Personal name: Sámano, José Eliseo Ocampo

400 1# - SEE FROM TRACING--PERSONAL NAME

  • Personal name: Ocampo, José Eliseo

670 ## - SOURCE DATA FOUND

  • Source citation: Costos y evaluación de proyectos, 2002:
  • Information found: t.p. (José Eliseo Ocampo Sámano) cover (José Eliseo Ocampo) p. xix (José Eliseo Ocampo; profesor de la Facultad de Ingenieria de Universidad Autónoma de México; Es ingeniero mecánico electricista en el área industrial por parte de la UNAM, donde realizó sus estudios de maestría en administración)

670 ## - SOURCE DATA FOUND

  • Source citation: Biblioteca del congreso (Estados Unidos), 15 septiembre 2020:
  • Information found: Catálogo electrónico
  • Uniform Resource Identifier: https://bit.ly/2H5eMVx